[Event "UKR-ch U12"]
[Site "Lvov"]
[Date "2019.03.26"]
[Round "8"]
[White "Bazakutsa, Svyatoslav"]
[Black "Shakhaylo, Dmitriy"]
[Result "1-0"]
[WhiteElo "1808"]
[BlackElo "2037"]
[PlyCount "99"]
[EventDate "2019.03.19"]
[EventType "tourn"]
[EventRounds "11"]
[EventCountry "UKR"]
[SourceTitle "CBM 190 Extra"]
[Source "ChessBase"]
[SourceDate "2019.07.15"]
[SourceVersion "1"]
[SourceVersionDate "2019.07.15"]
[SourceQuality "1"]

1. c4 Nf6 2. g3 g6 3. Bg2 d5 4. cxd5 Nxd5 5. Nc3 Nxc3 6. dxc3 Qxd1+ 7. Kxd1 c6 8. Kc2 Be6 9. e4 Nd7 10. Be3 0-0-0 11. f4 f5 12. e5 Nb6 13. b3 Nd5 14. Bd2 Bg7 15. c4 Nc7 16. Nf3 Rd7 17. Be3 b6 18. Rad1 h6 19. h4 h5 20. Nd4 c5 21. Nc6 a6 22. Rxd7 Kxd7 23. Rd1+ Ke8 24. Nb8 Kf7 25. Nd7 b5 26. cxb5 axb5 27. Nxc5 Rc8 28. Kb2 b4 29. Nxe6 Kxe6 30. Rc1 Kd7 31. Bc6+ Ke6 32. Bb7 Rd8 33. Rxc7 Rd3 34. Ba6 Bxe5+ 35. fxe5 Rxe3 36. Bc4+ Kxe5 37. Rxe7+ Kd4 38. Rxe3 Kxe3 39. a4 bxa3+ 40. Kxa3 Kd4 41. Bf7 f4 42. gxf4 Ke4 43. Bxg6+ Kxf4 44. Bxh5 Kg3 45. b4 Kxh4 46. Be8 Kg5 47. b5 Kf6 48. b6 Ke7 49. b7 Kxe8 50. b8Q+ 1-0

[Event "UKR-ch U12"]
[Site "Lvov"]
[Date "2019.03.24"]
[Round "6"]
[White "Shakhaylo, Dmitriy"]
[Black "Sidletskyi, Ivan"]
[Result "0-1"]
[WhiteElo "2037"]
[BlackElo "1845"]
[PlyCount "58"]
[EventDate "2019.03.19"]
[EventType "tourn"]
[EventRounds "11"]
[EventCountry "UKR"]
[SourceTitle "CBM 190 Extra"]
[Source "ChessBase"]
[SourceDate "2019.07.15"]
[SourceVersion "1"]
[SourceVersionDate "2019.07.15"]
[SourceQuality "1"]

1. d4 Nf6 2. c4 g6 3. Nc3 Bg7 4. e4 d6 5. f3 0-0 6. Be3 Nc6 7. Qd2 a6 8. 0-0-0 b5 9. c5 dxc5 10. dxc5 Be6 11. Kb1 Qb8 12. Qf2 b4 13. Na4 Na5 14. h4 Qe8 15. c6 Qxc6 16. Nc5 Nb7 17. Rc1 Nxc5 18. Bxc5 Nd7 19. Bxe7 Bxa2+ 20. Kxa2 Qxc1 21. Bxf8 Kxf8 22. Bd3 b3+ 23. Ka3 Qa1+ 24. Kb4 Rb8+ 25. Kc4 Qa4+ 26. Kd5 Rb5+ 27. Kc6 Rb6+ 28. Kxc7 Qc6+ 29. Kd8 Rb8# 0-1

[Event "UKR-ch U12"]
[Site "Lvov"]
[Date "2019.03.22"]
[Round "4"]
[White "Shakhaylo, Dmitriy"]
[Black "Kucher, Kostyantyn"]
[Result "0-1"]
[WhiteElo "2037"]
[BlackElo "1650"]
[PlyCount "112"]
[EventDate "2019.03.19"]
[EventType "tourn"]
[EventRounds "11"]
[EventCountry "UKR"]
[SourceTitle "CBM 190 Extra"]
[Source "ChessBase"]
[SourceDate "2019.07.15"]
[SourceVersion "1"]
[SourceVersionDate "2019.07.15"]
[SourceQuality "1"]

1. d4 Nf6 2. c4 g6 3. Nc3 d5 4. Bg5 Ne4 5. Bh4 Nxc3 6. bxc3 c5 7. e3 Bg7 8. Nf3 Nc6 9. Be2 0-0 10. 0-0 dxc4 11. Bxc4 Qa5 12. Rc1 Bf5 13. Re1 h6 14. e4 Bg4 15. d5 Ne5 16. Be2 Bxf3 17. Bxf3 g5 18. Bg3 Qxa2 19. Rb1 Qa6 20. Be2 c4 21. f4 gxf4 22. Bxf4 Ng6 23. Bd2 b5 24. Qc1 Ne5 25. Bf4 Rab8 26. Ra1 Qg6 27. Rxa7 Qxe4 28. Bxh6 Rb6 29. Bxg7 Rg6 30. g3 Kxg7 31. Bh5 Nf3+ 32. Bxf3 Qxf3 33. Qe3 Qxd5 34. Qxe7 Rg5 35. Qe4 Qxe4 36. Rxe4 Rf5 37. Rb7 Rd8 38. g4 Rf3 39. Rxb5 Rxc3 40. Rc5 Rc2 41. Rf4 Rd1+ 42. Rf1 Rdd2 43. Rf4 Rg2+ 44. Kh1 Rgd2 45. Kg1 c3 46. Rg5+ Kf8 47. Rgf5 Rc1+ 48. Rf1 Rxf1+ 49. Kxf1 c2 50. Rc5 Rd1+ 51. Kg2 c1Q 52. Rxc1 Rxc1 53. h4 Rc3 54. h5 Kg7 55. g5 Rc5 56. h6+ Kh7 0-1